000 00809nam a2200241Ia 4500
003 OSt
005 20260122165932.0
008 220923b |||||||| |||| 00| 0 eng d
020 _a0674694759
037 _cGeneral Book
040 _aRTL
_cRTL
_beng
041 _2eng
_aeng
084 _aY:434.42.N9, N9
_qRTL
100 _aMilly Deborah J.
_9250780
245 0 _aPoverty and equality and growth: the politics of economic need in postwar Japan
_b
260 _aCambridge
_bHarvard University Press
_c1999
300 _axiv, 386 p.
_bIncludes bibliographical references and index.
490 _aHarvard East Asian Monographs, 174
500 _aBibliography: P 347-69
650 _a Sociology
_91104653
942 _hY:434.42.N9, N9
_cGB
_2CC
_n0
999 _c495894
_d495894